|
|
|
|
| LEADER |
01010cam a2200241 a 4500 |
| 008 |
971128s1997 ii b 000 0 eng |
| 999 |
|
|
|c 345740
|d 345740
|
| 010 |
|
|
|a 97902355
|
| 025 |
|
|
|a I-E-97-902355; 23
|
| 042 |
|
|
|a lcode
|
| 082 |
0 |
0 |
|a 491.28007
|2 21
|
| 245 |
0 |
0 |
|a Sanskrit studies in India :
|b on the occasion of 10th World Sanskrit Conference, Bangalore, Jan 3-9, 1997 /
|c editor, K.K. Mishra.
|
| 260 |
|
|
|a New Delhi :
|b Rashtriya Sanskrit Sansthan,
|c 1997.
|
| 300 |
|
|
|a xxiii, 284 p. ;
|c 22 cm.
|
| 504 |
|
|
|a Includes bibliographical references.
|
| 650 |
|
0 |
|a Sanskrit language
|x Study and teaching.
|
| 700 |
1 |
|
|a Mishra, K. K.
|
| 942 |
|
|
|2 ddc
|c BK
|
| 710 |
2 |
|
|a Rashtriya Sanskrit Sansthan.
|
| 711 |
2 |
|
|a World Sanskrit Conference
|n (10th :
|d 1997 :
|c Bangalore, India)
|
| 906 |
|
|
|a 7
|b cbc
|c origode
|d 3
|e ncip
|f 19
|g y-gencatlg
|
| 955 |
|
|
|a wd24;09/22/97
|
| 952 |
|
|
|0 0
|1 0
|2 ddc
|4 0
|6 491_280070000000000_SAN
|7 0
|9 397975
|a SAN
|b SAN
|c ST1
|d 2019-11-29
|g 100.00
|i 11824
|l 0
|o 491.28007 SAN
|p SAN11824
|r 2019-11-29
|w 2019-11-29
|y BK
|